| 000 | 00575cam a22001217a 4500 | ||
|---|---|---|---|
| 008 | 180718b1976 xxu||||| |||| 00| 0 eng d | ||
| 082 | _aA5055x5413 In2p | ||
| 245 |
_aUnion catalogue of social science periodicals: Bihar _cby Social Science Documentation Centre, Indian Council of Social Science Research |
||
| 260 |
_aDelhi _bSocial Science Documentaion Centre, Indian Council of Social Science Research _c1976 |
||
| 300 | _a53p. | ||
| 650 | _aPeriondicals - Directories - India - Bihar | ||
| 700 | _aIndian Council of Social Science Research. Social Science Documentation Centre | ||
| 999 |
_c476818 _d476818 |
||